Computer Programming 1 (Record no. 29947)
[ view plain ]
| 000 -LEADER | |
|---|---|
| fixed length control field | 00291nam a2200145Ia 4500 |
| 082 ## - DEWEY DECIMAL CLASSIFICATION NUMBER | |
| Classification number | 5.1 |
| Item number | AMA |
| 100 ## - MAIN ENTRY--PERSONAL NAME | |
| Personal name | Amarender / N |
| 245 ## - TITLE STATEMENT | |
| Title | Computer Programming 1 |
| 260 ## - PUBLICATION, DISTRIBUTION, ETC. | |
| Name of publisher, distributor, etc. | Nandu Pub |
| Date of publication, distribution, etc. | 1999 |
| 300 ## - PHYSICAL DESCRIPTION | |
| Extent | 126 |
| 546 ## - LANGUAGE NOTE | |
| Language note | ENGLISH |
| 654 ## - SUBJECT ADDED ENTRY--FACETED TOPICAL TERMS | |
| Focus term | Programming |
| 942 ## - ADDED ENTRY ELEMENTS (KOHA) | |
| Koha item type | BOOK |
| Withdrawn status | Lost status | Damaged status | Not for loan | Collection | Home library | Current library | Date acquired | Inventory number | Total Checkouts | Full call number | Barcode | Date last seen | Price effective from | Koha item type |
|---|---|---|---|---|---|---|---|---|---|---|---|---|---|---|
| CRC | Fr. Agnel's C.Rodrigues College of Engineering | Fr. Agnel's C.Rodrigues College of Engineering | 17/03/2023 | 3426 | 5.1 AMA | 11241 | 17/03/2023 | 17/03/2023 | BOOK |